000 00390nam a22001577a 4500
008 220524b ||||| |||| 00| 0 eng d
020 _a9789387195981
082 _a181.4
_bSAB
100 _aSaket Devdas
245 _aBharatiya Darshan
_b: Ek Parichay
_cBy Devdas Saket
260 _aDelhi
_bShivalik Prakashan
_c2020
300 _a199p.
650 _aYOGA
942 _cBK
999 _c43582
_d43582
041 _ahin